000 00782nam a2200253Ia 4500
003 OSt
005 20221006142921.0
006 a|||||r|||| 00| 0
007 ta
008 221006b |||||||| |||| 00| 0 eng d
020 _cP6.25(each)
024 _a7,526
037 _cTextual
040 _aEASL
_cEASL
_beng
041 _2eng
_aeng
082 _aV42:3(L).N5, L3-;1
100 _aSTESLICKE William E
_9648722
245 0 _aDoctors in politics
_b The political life of the Japan medical Association
260 _aNew York
_bPraeger Pub.
_c1973
300 _a302p.
_ccm.
490 _v JEL
_aPraeger Special Studies in International Politics and Government
942 _hV42:3(L).N5, L3-;1
_cTEXL
_2CC
999 _c1075612
_d1075612